000 00559nam a2200193Ia 4500
005 20250508165519.0
008 008 250505s9999 xx 000 0 eng d
037 _aDissertations
040 _aFEDL
_beng
_cFEDL
041 _aeng
_2eng
084 _a808.068, MIT/DI
_qFEDL
100 _aMittal Aditi
_9781060
245 0 _aExploratory study of folktales as children's literature
260 _c2015
300 _a76p.
546 _aM.Ed. Dissertation, (Delhi University)
942 _cDIS
_h808.068, MIT/DI
999 _c1395586
_d1395586